| 000 | 00575nam a22001697a 4500 | ||
|---|---|---|---|
| 003 | MACL | ||
| 005 | 20160719131043.0 | ||
| 008 | 160719b xxu||||| |||| 00| 0 eng d | ||
| 040 | _cMACL | ||
| 041 | _aHindi | ||
| 082 | _a741.642 | ||
| 100 |
_aदिव्या _964706 |
||
| 245 |
_aमहात्मा गॉधी _b51 प्रेरक प्रस्ंग _cदिव्या |
||
| 260 |
_aनई दिल्ली _bडी. पी. एस. बुक्स _c2012 |
||
| 650 |
_aचिल्ड्रन बुक _9159 |
||
| 942 |
_2ddc _cHIN |
||
| 999 |
_c54439 _d54439 |
||